000 00567nam a22002057a 4500
003 OSt
005 20140310182912.0
008 130128t xxu||||| |||| 00| 0 eng d
020 _a9789715847339
050 _aPL6142
_b.E9 2008
082 _a FIL 899.211
_b.Ev1 2008
245 _aPalihan :
_bhikayat sa panitikan at malikhaing pagsulat
_cEvasco,Eugene Y. and Ortiz, Will P.
300 _a497 p. : ill. ;
_c26 cm.
521 _acollege students
526 _c1210l-1700L
541 _j1
541 _j2
562 _e2
942 _2lcc
_cBK
_kFIL
999 _c17240
_d17240